Hargai kesihatan tanpa dadah : Ismail Mamat.

Bibliographic Details
Main Author: Ismail Mamat
Format: Book
Published: Melaka : Penerbitan Pelita Ilmu , 2020
Series:Jauhi dadah pembunuh utama
Subjects:

MARC

LEADER 00000cam a2200000 7i4500
001 0000278684
005 20200917111715.0
020 |a 9789670695792 
090 0 0 |a 362.29   |b ISM 
100 0 |a Ismail Mamat 
245 1 0 |a Hargai kesihatan tanpa dadah :   |b Ismail Mamat. 
260 |a Melaka :   |b Penerbitan Pelita Ilmu ,   |c 2020 
300 |a 48p. :   |b photo, col. ;   |c 26cm. 
490 0 |a Jauhi dadah pembunuh utama 
650 0 |a Drug abuse 
650 0 |a Drugs 
999 |a 00384721   |b BUKU   |c JUNIOR BOOKS   |e PERPUSTAKAAN KOMUNITI PETALING JAYA